Statistics for Soil Science

Click here to take the quiz!

General Stats

  • This quiz has been taken 5 times
  • The average score is 1 of 8

Answer Stats

HintAnswer% Correct
Organic ContentPoor
67%
pH5.5
33%
Depth of soil10 cm or lower
0%
TextureClay and low in Sand
0%
Soil conductivityHigh CEC
0%
Biological contentNo worm activity
0%
StructureStructureless
0%
DrainageWaterlogged
0%

Score Distribution

Percentile by Number Answered

Percent of People with Each Score

Your Score History

You have not taken this quiz